000 00519 a2200133 4500
001 152143
040 _cEscola São Tomás de Aquino
100 _aSANTOS, José
240 1 0 _aHistória de combates, amores e aventuras do valoroso cavaleiro Palmeirim de Inglaterra
_lpor
245 1 0 _aHistória de combates, amores e aventuras do valoroso cavaleiro Palmeirim de Inglaterra
362 0 _a2012
697 _aLiteratura de cordel Livros de bolso ou folhetos com histórias e músicas populares
942 _cBK
999 _c152143
_d152143